header

INTRODUCTION TO QUANTUM ELECTRONICS (Record no. 252093)

MARC details
000 -LEADER
fixed length control field 00209nam a22000977a 4500
100 ## - MAIN ENTRY--AUTHOR NAME
Personal name LINDSAY PETER .A.
245 ## - TITLE STATEMENT
Title INTRODUCTION TO QUANTUM ELECTRONICS
260 ## - PUBLICATION, DISTRIBUTION, ETC. (IMPRINT)
Year of publication 1975
300 ## - PHYSICAL DESCRIPTION
Number of Pages 202P
Other physical details ILL
942 ## - ADDED ENTRY ELEMENTS (KOHA)
Koha item type Long Loan Books
Holdings
Withdrawn status Lost status Home library Current library Shelving location Date acquired Full call number Accession Number Koha item type
    Rongo University Library Rongo University Library General Stacks 21/01/2016 QC688.L56 1975 20157577 Long Loan Books

© 2026 Rongo University
Contact us: librarian | system librarian | Rongo university